000 00588nam a2200193Ia 4500
005 20250508163443.0
008 008 250505s9999 xx 000 0 eng d
037 _aDissertations
040 _aFEDL
_beng
_cFEDL
041 _aeng
_2eng
084 _a371.9, KUL/DI
_qFEDL
100 _aKulshreshtha Minakshi
_9775361
245 0 _aFactors responsible for joining special educational institutions as professionals
260 _c1991
300 _a138p.
546 _aM.Ed. Dissertation (Delhi University)
942 _cDIS
_h371.9, KUL/DI
999 _c1383348
_d1383348